00516nmm a2200169Ia 4500008004100000020001800041041000800059100003200067245005800099264005100157300001800208490003100226650001500257856005000272942000700322999001700329251105s9999||||xx |||||||||||||||||und|| a9788497426510 aspa aCaramuel de Lobkowitz, Juan 0aQuirología :b Sobre el modo de hablar de las manos a[Madrid, España] :bBiblioteca Nueva, c2008 a184 páginas aClásicos del pensamiento aPsychology uhttps://public.digitaliapublishing.com/a/5379 cCF c90321d90321